[Event "Challenge"]
[Site "http://www.queenalice.com/game.php?id=169653"]
[Date "2007.2.16"]
[Round "-"]
[White "henriquerocha"]
[Black "thiagobertolo"]
[Result "1-0"]
[WhiteElo "1423"]
[BlackElo "1479"]

1. c4 c5 2. Nf3 Nf6 3. d3 e6 4. e3 d5 5. Be2 Qa5+ 6. Bd2 Qb6 7. O-O Qxb2 8. Nc3
Bd6 9. Nb5 Be7 10. Nc7+ Kd7 11. Nxa8 b6 12. Ne5+ Qxe5 13. d4 cxd4 14. Qa4+ Nc6
15. cxd5 dxe3 16. Qxc6+ Kd8 17. Rac1 Nxd5 18. Qxc8# 1-0

[Event "Challenge"]
[Site "http://www.queenalice.com/game.php?id=174801"]
[Date "2007.2.27"]
[Round "-"]
[White "henriquerocha"]
[Black "SGF"]
[Result "1-0"]
[WhiteElo "1464"]
[BlackElo "1511"]

1. c4 e5 2. Nc3 Bc5 3. Nf3 d6 4. e3 Qf6 5. Nd5 Qd8 6. d4 exd4 7. exd4 Bb4+ 8.
Nxb4 Qe7+ 9. Be2 Nf6 10. O-O d5 11. cxd5 Qxb4 12. Qb3 Qd6 13. Bc4 Bg4 14. Qxb7
O-O 15. Qxa8 Nbd7 16. Qxa7 Bxf3 17. gxf3 Nh5 18. a4 Nf4 19. Bxf4 Qxf4 20. Rae1
h5 21. Re4 Qxf3 22. Re7 Qg4+ 23. Kh1 Qxd4 24. Qxd4 Nf6 25. Rg1 Kh7 26. d6 cxd6
27. Rxf7 Rxf7 28. Bxf7 Nd7 29. Qxg7# 1-0

[Event "Challenge"]
[Site "http://www.queenalice.com/game.php?id=174922"]
[Date "2007.2.27"]
[Round "-"]
[White "MJ"]
[Black "henriquerocha"]
[Result "0-1"]
[WhiteElo "1147"]
[BlackElo "1499"]

1. e4 c5 2. Qh5 d6 3. d3 Nf6 4. Qh4 Nc6 5. Nc3 Qa5 6. Bd2 Nd4 7. Kd1 Ng4 8. Kc1
b5 9. Nge2 Nf6 10. f3 b4 11. Nd1 d5 12. e5 Nf5 13. Qf4 Nh5 14. Qg4 g6 15. c3 b3
16. c4 Bh6 17. Nec3 Nd4 18. Qh4 Nc2 19. Rb1 bxa2 20. Nxa2 Qxd2# 0-1

[Event "Challenge"]
[Site "http://www.queenalice.com/game.php?id=176243"]
[Date "2007.3.2"]
[Round "-"]
[White "henriquerocha"]
[Black "thiagobertolo"]
[Result "1-0"]
[WhiteElo "1482"]
[BlackElo "1513"]

1. e4 b6 2. Nc3 Nf6 3. Nf3 d5 4. e5 Nh5 5. d4 c5 6. Bb5+ Nd7 7. Nxd5 e6 8. Bg5
f6 9. exf6 gxf6 10. Bxf6 Nxf6 11. Nxf6+ Qxf6 12. O-O Bb7 13. dxc5 Bxc5 14. Qxd7+
Kf8 15. Bc6 Bxc6 16. Qxc6 Rc8 17. Qxc8+ Ke7 18. Qb7+ Kf8 19. Rad1 Qe7 20. Rd7
Qe8 21. Qxa7 Rg8 22. Rxh7 Qg6 23. Qb8+ Qe8 24. Qf4+ Qf7 25. Qxf7# 1-0

[Event "Mais uma?"]
[Site "http://www.queenalice.com/game.php?id=179950"]
[Date "2007.3.11"]
[Round "-"]
[White "henriquerocha"]
[Black "saavik"]
[Result "0-1"]
[WhiteElo "1507"]
[BlackElo "1524"]

1. c4 d5 2. d3 e6 3. e4 Nf6 4. Nf3 Bb4+ 5. Bd2 Bc5 6. Be3 Bb6 7. c5 Ba5+ 8. Nc3
Nc6 9. e5 Ng4 10. h4 Ncxe5 11. Qa4+ Nc6 12. O-O-O O-O 13. h5 b6 14. Qxc6 Bd7 15.
Qb7 Qf6 16. Qxc7 Bxc3 17. cxb6 Bxb2+ 18. Kd2 Ba4 19. b7 Qd8 20. Bf4 Qxc7 21.
Bxc7 Rab8 22. Rh4 Nxf2 23. Rxa4 Rxb7 24. Rb1 Bc3+ 25. Kxc3 Rxb1 26. Rxa7 Rxf1
27. Bd6 Rc8+ 28. Kd4 Rd1 29. Ke3 Nxd3 30. Ke2 Nb2 31. a4 d4 32. Ne5 d3+ 33. Ke3
d2 34. Rxf7 h6 35. Nd3 Kxf7 36. Nxb2 Rd8 37. Nxd1 Rxd6 38. g4 Kf6 39. a5 e5 40.
Ke4 Ra6 41. Kd3 e4+ 42. Kxd2 Rxa5 43. Ke3 Ke5 44. Nf2 Ra3+ 45. Ke2 Kf4 46. g5
Re3+ 47. Kf1 Rf3 48. Kg2 Rxf2+ 49. Kg1 e3 50. Kh1 e2 51. Kg1 Kf3 52. gxh6 e1=R#
0-1

[Event "thiagobertolo"]
[Site "http://www.queenalice.com/game.php?id=184260"]
[Date "2007.3.18"]
[Round "1"]
[White "san"]
[Black "henriquerocha"]
[Result "1-0"]
[WhiteElo "1120"]
[BlackElo "1484"]

1. d4 e6 2. e3 c5 3. f4 d6 4. Bb5+ Bd7 5. Bxd7+ Nxd7 6. Nf3 e5 7. O-O cxd4 8.
exd4 Qb6 9. Re1 Be7 10. b3 exd4 11. Nxd4 Ngf6 12. c3 O-O 13. Rxe7 Rae8 14. Rxe8
Rxe8 15. Nd2 Ne4 16. Qe1 Ndf6 17. Nc4 Nxc3 18. Be3 Qxd4 19. Bxd4 Rxe1+ 20. Rxe1
h5 21. Bxc3 d5 22. Nd6 Ng4 23. Re8+ Kh7 24. h3 Nf6 25. Re7 Ne4 26. Nxe4 dxe4 27.
Rxe4 b6 28. Re7 f6 29. Rxa7 Kg6 30. a4 Kf5 31. g3 g5 32. Bd2 g4 33. Kh2 gxh3 34.
Ra6 Ke4 35. Kxh3 f5 36. Rxb6 Kf3 37. Re6 Kf2 38. Re5 h4 39. Kxh4 Kg2 40. Rxf5
Kh2 41. Re5 Kg1 42. f5 Kh1 43. f6 Kh2 44. f7 Kg2 45. f8=Q Kh2 46. Qf2+ Kh1 47.
Re1# 1-0

[Event "Challenge"]
[Site "http://www.queenalice.com/game.php?id=184381"]
[Date "2007.3.19"]
[Round "-"]
[White "henriquerocha"]
[Black "valmir"]
[Result "1-0"]
[WhiteElo "1482"]
[BlackElo "941"]

1. c4 e6 2. Nc3 Nf6 3. e4 g5 4. d4 h5 5. Bxg5 Bh6 6. Qc1 Rg8 7. Bxh6 Ng4 8. Qf4
Qf6 9. O-O-O Qh4 10. Qxc7 Ke7 11. Nf3 Qf6 12. Bg5 Rxg5 13. Qxc8 Qf4+ 14. Rd2 Ra5
15. Qxb7 Rxa2 16. Nxa2 Nxf2 17. g3 Qxf3 18. Qxa8 Nxe4 19. Qxb8 Qxh1 20. Rd1 Qxh2
21. c5 Nxg3 22. d5 h4 23. dxe6 Kxe6 24. Qd6+ Kf5 25. Qxd7+ Kf6 26. Bc4 Qf2 27.
Qxf7+ Kg5 28. Qxf2 Kg4 29. Be2+ Kh3 30. Bf1+ Kg4 31. Be2+ Kh3 32. Qf3 Kh2 33.
Qg4 h3 34. Rd3 Kg2 35. Qxg3+ Kh1 36. Rd1# 1-0

[Event "Challenge"]
[Site "http://www.queenalice.com/game.php?id=184382"]
[Date "2007.3.19"]
[Round "-"]
[White "luizpessoa"]
[Black "henriquerocha"]
[Result "1-0"]
[WhiteElo "1642"]
[BlackElo "1503"]

1. c4 e6 2. Nf3 d5 3. e3 Nc6 4. cxd5 exd5 5. Bb5 a6 6. Bxc6+ bxc6 7. h3 Nf6 8.
d3 a5 9. Qc2 Bb7 10. Bd2 Qe7 11. O-O a4 12. a3 Qd6 13. d4 Ne4 14. Bb4 Qg6 15.
Bxf8 Rxf8 16. Nbd2 Bc8 17. Ne5 Qf5 18. Qxc6+ Ke7 19. Nxe4 Qxe4 20. Qxc7+ Bd7 21.
Qxd7+ Kf6 22. Qd6+ Kf5 23. Nf3 Rfe8 24. g4+ Qxg4+ 25. hxg4+ Ke4 26. Ng5+ Kd3 27.
Rad1+ Kc4 28. Qc5+ Kb3 29. Qc3+ Ka2 30. Ra1# 1-0

[Event "Challenge"]
[Site "http://www.queenalice.com/game.php?id=184384"]
[Date "2007.3.19"]
[Round "-"]
[White "henriquerocha"]
[Black "luizpessoa"]
[Result "0-1"]
[WhiteElo "1492"]
[BlackElo "1647"]

1. c4 d5 2. d3 dxc4 3. dxc4 Qxd1+ 4. Kxd1 e6 5. e4 Nc6 6. Na3 Bxa3 7. bxa3 Nf6
8. Bd3 e5 9. Nf3 Bg4 10. h3 Bxf3+ 11. gxf3 Rd8 12. Kd2 Nd4 13. Kc3 Nxf3 14. Rb1
b6 15. a4 O-O 16. Be3 c5 17. Be2 Nxe4+ 18. Kb3 Ned2+ 19. Bxd2 Nxd2+ 20. Kb2 Nxb1
21. Kxb1 Rd2 22. Rd1 Rxe2 23. Rc1 Rxf2 24. h4 Rd8 25. Rc2 Rxc2 26. Kxc2 Rd4 27.
Kb3 e4 28. h5 e3 29. a5 e2 30. Ka4 e1=Q 31. Kb5 Qe8+ 32. Ka6 Rxc4 33. Kxa7 Qc6
34. axb6 Ra4+ 35. Kb8 Ra8# 0-1

[Event "Challenge"]
[Site "http://www.queenalice.com/game.php?id=184803"]
[Date "2007.3.19"]
[Round "-"]
[White "henriquerocha"]
[Black "sunflower"]
[Result "1-0"]
[WhiteElo "1472"]
[BlackElo "1736"]

1. c4 e5 2. Nc3 d6 3. e4 Nf6 4. Nf3 c6 5. Be2 Be7 6. d4 O-O 7. dxe5 dxe5 8. Nxe5
Bd6 9. Bf4 Bg4 10. Bxg4 Re8 11. Nd7 Bxf4 12. Nxf6+ Qxf6 13. O-O Rd8 14. Qf3 Rd4
15. b3 a6 16. g3 c5 17. Rad1 Bg5 18. Qxf6 Bxf6 19. Nd5 Be5 20. f4 Bf6 21. Nc7
Ra7 22. e5 b6 23. exf6 Rxc7 24. b4 Nc6 25. Rde1 Kf8 26. bxc5 gxf6 27. cxb6 Nb8
28. bxc7 Rxc4 29. cxb8=Q+ Kg7 30. Qb7 Ra4 31. Be6 Rxa2 32. Qxf7+ Kh6 33. Qxf6+
Kh5 34. Qg5# 1-0

[Event "Challenge"]
[Site "http://www.queenalice.com/game.php?id=185310"]
[Date "2007.3.20"]
[Round "-"]
[White "Bitencourt"]
[Black "henriquerocha"]
[Result "0-1"]
[WhiteElo "1210"]
[BlackElo "1502"]

1. c4 f5 2. Nf3 Nf6 3. Nc3 Nc6 4. d4 d5 5. e3 e6 6. cxd5 exd5 7. Bb5 a6 8. Ba4
Bd7 9. Ne5 f4 10. exf4 Qe7 11. O-O b5 12. Qh5+ Nxh5 0-1

[Event "Jogo de estréia."]
[Site "http://www.queenalice.com/game.php?id=195510"]
[Date "2007.4.12"]
[Round "-"]
[White "henriquerocha"]
[Black "MCA"]
[Result "1-0"]
[WhiteElo "1493"]
[BlackElo "1680"]

1. e3 c6 2. Be2 e6 3. Nf3 Nh6 4. d4 Bd6 5. Bd2 Qc7 6. Ne5 Bxe5 7. dxe5 Rg8 8.
Nc3 Qxe5 9. e4 b6 10. f3 Ba6 11. f4 Qd4 12. f5 f6 13. fxe6 d6 14. Bf4 Qxd1+ 15.
Rxd1 Bxe2 16. Nxe2 Ng4 17. O-O d5 18. exd5 c5 19. a4 g5 20. h3 Nh6 21. d6 Nd7
22. exd7+ Kxd7 23. Bg3 Rgf8 24. h4 g4 25. c3 Rae8 26. Nf4 Nf5 27. Be1 Ne3 28.
Bg3 Nxf1 29. Rxf1 Re4 30. h5 Rxa4 31. Nd5 Ra2 32. Nxf6+ Ke6 33. Nxh7 Rxf1+ 34.
Kxf1 Rxb2 35. Nf8+ Kf7 36. d7 Rd2 37. Bh4 Kxf8 38. d8=Q+ Rxd8 39. Bxd8 Kg7 40.
Bg5 a5 41. Bd8 b5 42. Bxa5 Kh6 43. Bb4 c4 44. g3 Kxh5 45. Kf2 Kg5 46. Ke3 Kf5
47. Kd4 Ke6 48. Ke4 Kf6 49. Kf4 Kg6 50. Kxg4 Kh6 51. Kf5 Kh5 52. g4+ Kh6 53. g5+
Kh7 54. g6+ Kg7 55. Kg5 Kh8 56. Kf6 Kg8 57. g7 1-0

[Event "thiagobertolo"]
[Site "http://www.queenalice.com/game.php?id=203062"]
[Date "2007.4.27"]
[Round "3"]
[White "Dfreitas"]
[Black "henriquerocha"]
[Result "0-1"]
[WhiteElo "1099"]
[BlackElo "1491"]

1. g3 f5 2. c4 Nf6 3. Bh3 e6 4. e3 Nc6 5. b3 d5 6. Ne2 d4 7. exd4 Nxd4 8. Nxd4
Qxd4 9. Nc3 Bc5 10. O-O Ne4 11. Nxe4 fxe4 12. Qh5+ g6 13. Qe2 Bd7 14. Rb1 O-O
15. b4 Bd6 16. c5 Be5 17. Ba3 b5 18. Bg2 Bc6 19. Bh3 Rae8 20. Bg4 Qd5 21. h4
Qxa2 22. Qe3 Rd8 23. Bh3 Bd4 24. Qe2 Qxa3 25. Bxe6+ Rf7 26. h5 Rf8 27. Qg4 Bd7
28. Bxd7 Bxf2+ 29. Kg2 Qxg3+ 30. Qxg3 Bxg3 31. Be6 gxh5 32. Ra1 h4 33. Rxa7 h5
34. Rxc7 Bxc7 35. c6 Kg7 36. Re1 Rf2+ 37. Kh3 R8f3+ 38. Kxh4 Kh6 39. Bg4 Rh2+
40. Bh3 Bg3# 0-1

[Event "Challenge"]
[Site "http://www.queenalice.com/game.php?id=212622"]
[Date "2007.5.18"]
[Round "-"]
[White "henriquerocha"]
[Black "saavik"]
[Result "0-1"]
[WhiteElo "1506"]
[BlackElo "1537"]

1. c4 e5 2. Nc3 d6 3. e3 Nf6 4. d4 e4 5. f3 Bf5 6. Nd5 Nxd5 7. cxd5 c6 8. dxc6
bxc6 9. h4 Be7 10. g4 Bxh4+ 11. Kd2 Be6 12. fxe4 Qa5+ 13. Ke2 Bxg4+ 14. Nf3
Bxf3+ 15. Kd3 Bxd1 16. e5 dxe5 17. Bd2 Qb5+ 18. Ke4 Bc2+ 19. Bd3 Bxd3+ 20. Kf3
Qd5+ 21. e4 Qxe4# 0-1

[Event "Challenge"]
[Site "http://www.queenalice.com/game.php?id=244945"]
[Date "2007.7.24"]
[Round "-"]
[White "henriquerocha"]
[Black "rafaelbdb"]
[Result "0-1"]
[WhiteElo "1485"]
[BlackElo "1474"]

1. e4 e5 2. Nc3 Nf6 3. Nf3 Nc6 4. d3 Bb4 5. Bd2 O-O 6. a3 Bxc3 7. Bxc3 d6 8. d4
Nxe4 9. Qe2 Nxc3 10. bxc3 Re8 11. dxe5 dxe5 12. Qe4 g6 13. Rd1 Qe7 14. Bc4 Bf5
15. Qh4 Rad8 16. O-O Qxh4 17. Nxh4 Bxc2 18. Rde1 Na5 19. Ba2 Kg7 20. c4 Bb3 21.
Bxb3 Nxb3 0-1